00939nam a2200229Ia 4500003000900000008004100009020001800050040001600068080001800084100003400102245022600136260004400362300001000406650004100416650003600457650003700493700002500530700003800555942000700593999001500600952009400615IN-BaIIA211028s9999 xx 000 0 eng d a0-292-75507-0 cIIA Library a083.8:52bVAU aVaucouleurs, Gerard de910950 0aSecond reference catalogue of bright galaxiesbcontaining information on 4,364 galaxies with reference to papers published between 1964 and 1975.cGerard de Vaucouleurs, Antoinette de Vaucouleurs and Harold G. Corwin, Jr. aAustinbUniversity of Tokyo Pressc1976 a396p. aAstronomy and Astrophysics Thesaurus aBright Galaxies Catalogue95958 aCatalogue-Bright Galaxies910951 aCorwin, H. G.910952 aVaucouleurs, Antoinette de910953 cBK c6381d6381 00104070aBANbBANcGENd1979-10-30l0o083.8:52/ VAUp7104r2021-11-05w1979-10-30yBK